Trabajo social familiar

שמור ב:
מידע ביבליוגרפי
Main Authors: Aylwin Acuña, Nidia (Author), Solar Silva, María Olga (Author)
פורמט: ספר
שפה:ספרדית
יצא לאור: Santiago Universidad Católica 2002
סדרה:Textos Universitarios
נושאים:
תגים: הוספת תג
אין תגיות, היה/י הראשונ/ה לתייג את הרשומה!

MARC

LEADER 00000nam a2200000 a 4500
001 UCM2387
003 CL-VaPUC
008 020510e20020100CL |||||||||||||||||spa|d
020 |a 9561406292 
082 0 4 |a 362.82  |b AYL  |2 21 
100 0 |a Aylwin Acuña, Nidia  |e author  |9 469100 
700 0 |a Solar Silva, María Olga  |e author  |9 469101 
245 1 0 |a Trabajo social familiar 
300 |a 326 p 
942 |c BK 
945 |d 20020510 00:00:00  |a vberengu 
260 |a Santiago  |b Universidad Católica  |c 2002 
650 0 |a Trabajo social   |9 307856 
650 0 |a Familias   |9 255641 
650 0 |a Derecho de familia  |9 255603 
583 |a last modification  |c 20020510 00:00:00  |k Rodrigo Vera 
490 0 |a Textos Universitarios 
999 |c 300236  |d 300234 
952 |0 0  |1 0  |4 0  |6 362_820000000000000_AYL_2002  |7 0  |8 R  |9 357745  |a BIBGIM  |b BIBGIM  |d 2019-11-21  |i 3814548  |o 362.82 AYL 2002  |p 3814548  |r 2025-01-15  |w 2019-11-21  |y BK_R  |k SSL 
952 |0 0  |1 0  |4 0  |6 362_820000000000000_AYL_2002  |7 0  |8 R  |9 357746  |a BIBGIM  |b BIBGIM  |d 2019-11-21  |i 3814556  |o 362.82 AYL 2002  |p 3814556  |r 2025-01-15  |w 2019-11-21  |y BK_R  |k SSL 
952 |0 0  |1 0  |4 0  |6 362_820000000000000_AYL_2002  |7 0  |8 R  |9 357747  |a BIBGIM  |b BIBGIM  |d 2019-11-21  |i 3814564  |o 362.82 AYL 2002  |p 3814564  |r 2025-01-15  |w 2019-11-21  |y BK_R  |k SSL 
952 |0 0  |1 0  |4 0  |6 362_820000000000000_AYL_2002  |7 0  |8 R  |9 357748  |a BIBGIM  |b BIBGIM  |d 2019-11-21  |i 3814572  |o 362.82 AYL 2002  |p 3814572  |r 2025-01-15  |w 2019-11-21  |y BK_R  |k SSL 
952 |0 0  |1 0  |4 0  |6 362_820000000000000_AYL_2002  |7 0  |8 R  |9 357749  |a BIBGIM  |b BIBGIM  |d 2019-11-21  |i 4451805  |o 362.82 AYL 2002  |p 4451805  |r 2025-01-15  |w 2019-11-21  |y BK_R  |k SSL 
952 |0 0  |1 0  |4 0  |6 362_820000000000000_AYL_2002  |7 0  |8 R  |9 357750  |a BIBGIM  |b BIBGIM  |d 2019-11-21  |i 4451813  |o 362.82 AYL 2002  |p 4451813  |r 2025-01-15  |w 2019-11-21  |y BK_R  |k SSL 
952 |0 0  |1 0  |4 0  |6 362_820000000000000_AYL_2002  |7 0  |8 R  |9 357751  |a BIBGIM  |b BIBGIM  |d 2019-11-21  |i 4451821  |o 362.82 AYL 2002  |p 4451821  |r 2025-01-15  |w 2019-11-21  |y BK_R  |k SSL 
952 |0 0  |1 0  |4 0  |6 362_820000000000000_AYL_2002  |7 0  |8 R  |9 357752  |a BIBGIM  |b BIBGIM  |d 2019-11-21  |i 445183K  |o 362.82 AYL 2002  |p 445183K  |r 2025-01-15  |w 2019-11-21  |y BK_R  |k SSL